| 000 | 00521nam a22001697a 4500 | ||
|---|---|---|---|
| 003 | 0 | ||
| 005 | 20240109124515.0 | ||
| 008 | 240109b xxu||||| |||| 00| 0 eng d | ||
| 020 | _a978-621-406-164-8 | ||
| 050 |
_aDS 675 _b.R59 2018 |
||
| 245 | _aRizal : a modular approach based on the new ched curriculum | ||
| 260 |
_aManila _bMindshapers Co., Inc. _cc2018. |
||
| 300 |
_ax, 212 pages ; _c26cm. |
||
| 504 | _aIncludes bibliographical references and index. | ||
| 600 | _aRizal, Jose, 1861-1896. | ||
| 942 |
_2lcc _cBK |
||
| 999 |
_c365828 _d365828 |
||